Quizzes
Events
Quiz Creation
Community
Videos
Private Events
Remove Ads
Sign In
Join for FREE
Feedback
Dark Mode
Quiz Categories
Sports
Geography
Music
Movies
Television
Just For Fun
Miscellaneous
History
Literature
Language
Science
Gaming
Entertainment
Religion
Holiday
For Kids
Quiz Lab
Recent
Popular Today
Quiz Kudos Today
Editor Picks
Curator Picks
Quizzes by...
Day
Popularity
Type
Ratings
Length
Year
Community
Subscriptions
Recent Discussions
Orange Saloon
Badges
Playlists
Quests
Create
Leaderboards
Showdown
Live 5
Trivia Bingo
Activity
Puzzle Library
Sporcle Events
Private Events
Virtual Trivia
Globe League
Become a Host
Pub Owners
SporcleCon
Opinionation
Our Games
Videos
Blog
Mobile Apps
Partnerships
Remove Ads and Go Orange
Feedback
Miscellaneous
Crossword
General Knowledge
Baby Names
Logo
Food
Cars
Numbers
Grab Bag
University
College
Popular
Company
Slogans
Restaurants
Justice
Letter
Miscellaneous
Crossword
General Knowledge
Baby Names
Logo
Food
Cars
Numbers
Grab Bag
University
College
Popular
Company
Slogans
Restaurants
Justice
Letter
Random Quiz
Search Sporcle
×
Quiz Lab
Quiz Lab
Miscellaneous
Quote
Type in answers that appear in a list
Type in answers that appear in a list
Classic
Best Score? Go Orange.
Broken Saints Quotes Stats
Can you name the chapter of Broken Saints in which each of these quotes is said?
By
Boruff
15m
10 Questions
4 Plays
4 Plays
4 Plays
Comments
Comments
Give Quiz Kudos
Give Quiz Kudos
-
- Ratings
hide this ad
More Info
Replay
Link that replays current quiz
Next Quiz
Link to next quiz in quiz playlist
You Got
0%
They Got
Avg Score
77%
Avg Friend Score
Upgrade to see
Score Distribution
Jump to the score distribution portion of the page
Score
0/10
Timer
15:00
0
Plays Today
Quote
Chapter
% Correct
God is what we believe. What wakens in the infinite moment. What makes us live with reverence.
Truth
100%
He had given his word... and his word was his bond.
Harbingers
75%
This is about sight, children. It is a matter of perspective. Lies are simply truths... from an opposing field of view.
Revelation
75%
C... 4... C-
4... See... Four... I can see... for... ever...
Synchronicity
75%
I pray that he'll forgive me... though I know you never will. You're on my skin now. Creeping from my eyes... burning me.
Versus
75%
Every faith has its mystics, honey-
-
they just put 'em in different hats.
Forecast
75%
Is that you, Papa? I had the strangest dream... but I'm awake now.
Awakening
75%
You seek me, priest? I have what you desire... The keys to Nirvana. But you must bring me the three... the Threat to Unity.
Epiphany
75%
I think that reality is the hardware... that the universe is the most powerful processor imaginable... and that we're all just programs that run on it. Bargain-
bin Sims.
Inside
75%
The story changes. I'm Jonah... swallowed by a great and terrible whale... only to conspire in its belly.
Passage
75%
Quiz Playlist
Details
Report
Send in Message
Add To Playlist
More Info:
Act numbers are not necessary, only chapter titles.
Classic:
Type in answers that appear in a list
Last Updated: Feb 16, 2017
Quiz Scoreboard
CHALLENGE
Sign Up to Join the Scoreboard
Show All
Scores
Hide
Comments
May contain spoilers
Recently Published
Billboard Blitz: Fleetwood Mac
by CooCooCachoo
Music
15s
Presidents Visiting Landmarks
by Hejman
History
7m
An Introduction to Baseball
by treessimontrees
Sports
5m
More to Explore
Quiz From the Vault
Featured Blog Post
Where Did the Easter Bunny Come From?
hide this ad
You Might Also Like...
Tags
Quote Quiz
broken
Chapter
saint
Today's Top Quizzes in Miscellaneous
Browse Miscellaneous
hide this ad
Today's Top Quizzes in Quote
Browse Quote
Top Contributed Quizzes in Miscellaneous
1
5-to-1: Fast Food
2
The JOE quick-fire general knowledge quiz: Day 174
3
The JOE quick-fire general knowledge quiz: Day 173
4
5-to-1: Cocktails
5
The JOE quick-fire general knowledge quiz: Day 172
6
Sunday Crossword: Famous Bodies of Water
7
One Thing in Common: United Kingdom II
8
The JOE quick-fire general knowledge quiz: Day 171
9
Named After an Animal - Odd One Out!
10
The JOE quick-fire quiz: Day 170
Explore More
Trending Topics
Crossword
Anime
NBA
Kpop
Marvel
Harry Potter
Disney
Soccer
Pokémon
NFL
Country
Puzzle
The Office
Song
WWE
hide this ad
More By:
Boruff
Quiz
Plays
Rating
Category
Featured
Created
A Dance with Dragons: Most Mentioned Characters
25,454
4.11
Literature
Jul 29, 2012
A Song of Ice and Fire Books 1-5: Most Mentioned
1,921
3.75
Literature
Jul 30, 2012
Follow That Line: The Newsroom
1,420
4.75
Television
Jul 22, 2014
Game of Thrones Characters By Screen Time
686
4.60
Television
Jul 23, 2016
Marvel Characters on Netflix
538
3.67
Television
Jun 28, 2016
Go to Creator's Profile
Score Distribution
Quiz Creator Spotlight
Boruff
Follow
Send a Message
Quizzes Created
-
Created Quiz Play Count
-
More By This Creator
Popular Quizzes Today
1
Find the US States - No Outlines Minefield
2
Find the Countries of Europe - No Outlines Minefield
3
The Countries of the World
4
Find the US States
5
US States
6
Risky Map Clicking: Biggest States A-Z
7
Popular People in 1961
8
Movies - When Are They Set?
More Miscellaneous Quizzes
What's It Stand For? Three Letter A-Z IV
Published
Trending Quizzes
Risky Map Clicking: Least Populous States A-Z
1-10 Letter G Words
1-10 Letter F Words
Risky Map Clicking: Next State Alphabetically
Risky Map Clicking: Biggest States A-Z
Recently Updated
Leaping Animals
pecheneg
Reality TV Shows (A-Z)
bhenderson79
Rickey Henderson's Hall of Fame Teammates
pecheneg
Champions League XIs: Arsenal
pecheneg
Quick Pick: Celebrities in WWE's Hall of Fame
aduchscher
A-Z Keypad Blitz II
pecheneg
Multiple Oscar Actors
pecheneg
Mystery Phrase Blitz: Oscar 'Best Actors'
pecheneg
F. Scott Fitzgerald Novels
LTH
Pick 3 Villains
ddd62291
Trending Topics
NBA
Disney
Marvel
Kpop
Harry Potter
Anime
Crossword
Pokémon
Soccer
Country
NFL
Song
WWE
The Office
Puzzle
Your Account Isn't Verified!
In order to create a playlist on Sporcle, you need to verify the email address you used during registration. Go to your
Sporcle Settings
to finish the process.
Report this User
Report this user for behavior that violates our
Community Guidelines
.
Details:
Send Report
Go to the Sporcle.com Mobile Site →
Comments